[Event "1. Bamberg-Open 2018"]
[Site "Bamberg"]
[Date "2018.05.10"]
[Round "3"]
[White "Schoene, Maria"]
[Black "Heppert, Lars"]
[Result "0-1"]
[WhiteElo "2180"]
[BlackElo "1907"]
[Annotator "NA"]
[PlyCount "82"]
[EventDate "2018.??.??"]
[EventType "swiss"]
[EventCountry "GER"]
[SourceTitle "playchess.com"]
[Source "ChessBase"]
[SourceQuality "1"]
[TimeControl "40/5400+30:900+30"]

1. e4 {[%emt 0:13:03]} c5 {[%emt 0:02:33]} 2. Nf3 {[%emt 0:00:06]} g6 {[%emt 0:00:06]} 3. d4 {[%emt 0:00:06]} cxd4 {[%emt 0:00:06]} 4. Nxd4 {[%emt 0:00:06]} Nc6 {[%emt 0:00:05]} 5. Nc3 {[%emt 0:00:23]} Bg7 {[%emt 0:00:08]} 6. Be3 {[%emt 0:00:24]} Nf6 {[%emt 0:00:07]} 7. Bc4 {[%emt 0:00:42]} O-O {[%emt 0:00:12]} 8. Bb3 {[%emt 0:00:12]} a5 {[%emt 0:01:14]} 9. O-O {[%emt 0:00:38]} a4 {[%emt 0:00:24]} 10. Nxa4 {[%emt 0:01:05]} Nxe4 {[%emt 0:00:23]} 11. Nb5 {[%emt 0:01:29]} Ra6 {[%emt 0:04:48] B35: Sicilian: Accelerated Dragon with 5 Nc3: main line} 12. Qe2 {[%emt 0:01:34]} (12. f3 Nf6 13. c4 d6 14. Nac3 Na5 15. Rc1 Be6 16. Ne2 d5 17. c5 Nxb3 18. axb3 Bd7 19. Nbc3 {1-0 (36) Almasi,Z (2689)-Istratescu,A (2602) Bastia 2015}) 12... Nf6 {[%emt 0:02:06]} 13. c4 {[%emt 0:01:18]} b6 {[%emt 0:01:43]} 14. Rad1 {[%emt 0:06:47]} d6 {[%emt 0:04:40]} 15. h3 {[%emt 0:00:16]} Be6 {[%emt 0:01:05]} 16. Nac3 {[%emt 0:14:53]} Na5 {[%emt 0:00:54]} 17. Nd5 $146 {[%emt 0:00:36]} ({Predecessor:} 17. Nd4 Nxb3 18. Nxe6 fxe6 19. axb3 {1-0 (49) Bendana Guerrero,G (2440)-Barreras Garcia,A (2417) ICCF email 2007}) 17... Nxb3 {[%emt 0:02:28]} 18. axb3 {[%emt 0:00:41]} Nxd5 {[%emt 0:03:46]} 19. cxd5 {[%emt 0:00:44]} Bc8 {[%emt 0:00:31]} 20. Bg5 {[%emt 0:23:23]} Qd7 {[%emt 0:04:35]} 21. Rc1 {[%emt 0:02:14]} Ra5 {[%emt 0:09:34]} 22. Nc7 {[%emt 0:02:50]} f6 {[%emt 0:07:45]} 23. Be3 {[%emt 0:04:14]} b5 {[%emt 0:04:38]} 24. Ne6 {[%emt 0:02:49]} Rf7 {[%emt 0:01:13]} 25. Rc7 {[%emt 0:00:34]} Qe8 {[%emt 0:00:25]} 26. Rfc1 {[%emt 0:03:27]} Ra8 {[%emt 0:01:47]} 27. R7c6 {[%emt 0:15:45]} Bxe6 {[%emt 0:02:24]} 28. dxe6 {[%emt 0:00:05]} Rf8 {[%emt 0:00:06]} 29. Qxb5 {[%emt 0:00:40]} Rb8 {[%emt 0:00:16]} 30. Qc4 {[%emt 0:00:40]} f5 {[%emt 0:01:20]} 31. Rc2 {[%emt 0:01:59]} h6 {[%emt 0:01:00]} 32. b4 {[%emt 0:00:32]} g5 {[%emt 0:00:35]} 33. b5 {[%emt 0:00:28]} Qh5 {[%emt 0:01:16]} 34. Rc7 {[%emt 0:00:59]} Bf6 {[%emt 0:01:06]} 35. b6 {[%emt 0:00:22]} f4 {[%emt 0:01:59]} 36. Bd2 {[%emt 0:00:55]} Rxb6 {[%emt 0:00:49]} 37. Bc3 {[%emt 0:00:20]} Qd1+ {[%emt 0:00:36]} 38. Be1 {[%emt 0:00:38]} Qxe1+ {[%emt 0:00:15]} 39. Kh2 {[%emt 0:00:01]} Rb4 {[%emt 0:11:08]} 40. Qd3 {[%emt 0:01:28]} Qe4 {[%emt 0:15:32]} 41. Qa3 $19 {[%emt 0:01:46]} Rfb8 {[%emt 0:00:00]} 0-1

[Event "1. Bamberg-Open 2018"]
[Site "Bamberg"]
[Date "2018.05.10"]
[Round "3"]
[White "Kraich, Klaus"]
[Black "Wagner, Florian"]
[Result "0-1"]
[WhiteElo "2169"]
[BlackElo "2197"]
[Annotator "ChessBase"]
[PlyCount "64"]
[EventDate "2018.??.??"]
[EventType "swiss"]
[EventCountry "GER"]
[SourceTitle "playchess.com"]
[Source "ChessBase"]
[SourceQuality "1"]
[TimeControl "40/5400+30:900+30"]

1. d4 {[%emt 0:00:00]} d5 {[%emt 0:00:07]} 2. Nf3 {[%emt 0:00:00]} Nf6 {[%emt 0:00:08]} 3. e3 {[%emt 0:00:00]} e6 {[%emt 0:00:22]} 4. c4 {[%emt 0:00:50]} Bb4+ {[%emt 0:01:09]} 5. Bd2 {[%emt 0:01:26]} Bd6 {[%emt 0:00:28]} 6. Nc3 {[%emt 0:02:33]} b6 {[%emt 0:02:40]} 7. Nb5 {[%emt 0:08:00]} Be7 {[%emt 0:01:00]} 8. cxd5 {[%emt 0:01:40]} exd5 {[%emt 0:00:30]} 9. Rc1 {[%emt 0:00:20]} c6 {[%emt 0:00:30]} 10. Nc3 {[%emt 0:00:16]} O-O {[%emt 0:05:25]} 11. Ne5 {[%emt 0:03:26]} Nfd7 {[%emt 0:01:00]} 12. Nf3 {[%emt 0:01:49]} Na6 {[%emt 0:03:28]} 13. Bd3 {[%emt 0:02:41]} Nc7 {[%emt 0:02:35]} 14. O-O {[%emt 0:00:26]} Ne6 {[%emt 0:02:32]} 15. Qc2 {[%emt 0:02:05]} h6 {[%emt 0:04:06]} 16. Rfd1 {[%emt 0:00:32]} Bb7 {[%emt 0:00:46]} 17. e4 {[%emt 0:05:25]} dxe4 {[%emt 0:01:49]} 18. Nxe4 {[%emt 0:00:21]} c5 {[%emt 0:08:02]} 19. dxc5 {[%emt 0:09:28]} Ndxc5 {[%emt 0:00:09]} 20. Nxc5 {[%emt 0:00:58]} Bxc5 {[%emt 0:00:03]} 21. Bh7+ {[%emt 0:15:47]} Kh8 {[%emt 0:00:02]} 22. Be4 {[%emt 0:01:10]} Qe7 {[%emt 0:05:57]} 23. Bxb7 {[%emt 0:02:39]} Qxb7 {[%emt 0:00:03]} 24. b4 {[%emt 0:01:54]} Be7 {[%emt 0:00:37]} 25. Qf5 {[%emt 0:00:33]} Rad8 {[%emt 0:04:17]} 26. Bc3 {[%emt 0:00:48]} Rxd1+ {[%emt 0:12:54]} 27. Rxd1 {[%emt 0:00:04]} Qc6 {[%emt 0:00:20]} 28. Bb2 {[%emt 0:05:06]} Qa4 {[%emt 0:16:37]} 29. Rb1 {[%emt 0:12:15]} Qxa2 {[%emt 0:08:57]} 30. Qc2 {[%emt 0:01:49]} Bf6 {[%emt 0:00:56]} 31. Qc1 {[%emt 0:03:40]} Nf4 {[%emt 0:01:07]} 32. Qc2 {[%emt 0:06:08]} Re8 {[%emt 0:05:18]} 0-1

[Event "1. Bamberg-Open 2018"]
[Site "Bamberg"]
[Date "2018.05.10"]
[Round "3"]
[White "Boehme, Markus"]
[Black "Tscharotschkin, Michael"]
[Result "0-1"]
[WhiteElo "2071"]
[BlackElo "2219"]
[Annotator "NA"]
[PlyCount "122"]
[EventDate "2018.??.??"]
[EventType "swiss"]
[EventCountry "GER"]
[SourceTitle "playchess.com"]
[Source "ChessBase"]
[SourceQuality "1"]
[TimeControl "40/5400+30:900+30"]

1. e4 {[%emt 0:00:00]} e6 {[%emt 0:00:06]} 2. d4 {[%emt 0:00:00]} d5 {[%emt 0:00:06]} 3. Nc3 {[%emt 0:00:11]} Bb4 {[%emt 0:00:06]} 4. e5 {[%emt 0:00:18]} c5 {[%emt 0:00:06]} 5. a3 {[%emt 0:00:15]} Bxc3+ {[%emt 0:00:05]} 6. bxc3 {[%emt 0:00:05]} Ne7 {[%emt 0:00:08]} 7. Qg4 {[%emt 0:00:13]} Qc7 {[%emt 0:00:12]} 8. Qxg7 {[%emt 0:01:07]} Rg8 {[%emt 0:00:06]} 9. Qxh7 {[%emt 0:00:08]} cxd4 {[%emt 0:00:07]} 10. Ne2 {[%emt 0:00:16]} Nbc6 {[%emt 0:00:08]} 11. f4 {[%emt 0:00:20]} dxc3 {[%emt 0:00:24] C18: French: 3 Nc3 Bb4: Main line: 7 h4 and 7 Qg4} 12. h4 {[%emt 0:00:38]} (12. Nxc3 Nd4 13. Bb2 Bd7 14. O-O-O Qb6 15. Qd3 Ndf5 16. Rd2 Rc8 17. g3 Ne3 18. Ne4 Rxc2+ 19. Rxc2 dxe4 20. Qxe4 Nxc2 21. Qxc2 {½-½ (31) Giri,A (2752)-Carlsen,M (2834) Wijk aan Zee 2018}) 12... d4 {[%emt 0:00:18]} 13. h5 {[%emt 0:00:52]} Bd7 {[%emt 0:00:24]} 14. h6 {[%emt 0:01:49]} O-O-O {[%emt 0:01:15]} 15. Qd3 {[%emt 0:00:19]} a6 {[%emt 0:04:47]} 16. h7 {[%emt 0:05:00]} Rh8 {[%emt 0:01:12] [#]} 17. g4 $146 {[%emt 0:10:49]} ({Don't play} 17. Nxd4 Be8 $15) ({Predecessor:} 17. Rb1 $16 Be8 18. g4 f6 19. exf6 {½-½ (43) Muzychuk,A (2593)-Danielian,E (2475) Dilijan 2013}) 17... Nxe5 {[%emt 0:10:16]} 18. fxe5 {[%emt 0:07:51]} Bb5 {[%emt 0:00:11]} 19. Qg3 {[%emt 0:07:59]} d3 {[%emt 0:00:54]} 20. Bg5 {[%emt 0:26:36]} dxe2 {[%emt 0:01:56]} 21. Bxe2 {[%emt 0:10:27]} Bxe2 {[%emt 0:04:02]} 22. Kxe2 {[%emt 0:00:12]} f6 {[%emt 0:00:43]} 23. Be3 {[%emt 0:20:06]} Ng6 {[%emt 0:02:53]} 24. Rad1 {[%emt 0:03:12]} Qc4+ {[%emt 0:03:36]} 25. Kf2 {[%emt 0:00:54]} Rxd1 {[%emt 0:00:37]} 26. Rxd1 {[%emt 0:00:01]} Nxe5 {[%emt 0:00:52]} 27. Bd4 {[%emt 0:01:46]} Rxh7 {[%emt 0:02:03]} 28. Bxe5 {[%emt 0:01:04]} fxe5 {[%emt 0:00:30]} 29. Qxe5 {[%emt 0:00:32]} Rd7 {[%emt 0:06:12]} 30. Qh8+ {[%emt 0:01:09]} Kc7 {[%emt 0:00:19]} 31. Qh2+ {[%emt 0:00:37]} Kc6 {[%emt 0:00:50]} 32. Rxd7 {[%emt 0:00:42]} Kxd7 {[%emt 0:00:36]} 33. Qh7+ {[%emt 0:00:29]} Kc6 {[%emt 0:01:48]} 34. Qg8 {[%emt 0:00:24]} Qf4+ 35. Ke2 {[%emt 0:00:36]} Qe4+ {[%emt 0:02:18]} 36. Kf1 {[%emt 0:00:31]} Qf3+ {[%emt 0:00:25]} 37. Ke1 {[%emt 0:00:26]} Qe3+ {[%emt 0:00:12]} 38. Kf1 {[%emt 0:00:05]} Qc1+ {[%emt 0:00:11]} 39. Kf2 {[%emt 0:00:28]} Qxc2+ {[%emt 0:00:08]} 40. Kg3 {[%emt 0:00:33]} Qd3+ {[%emt 0:16:31]} 41. Kh4 {[%emt 0:15:26]} Qd7 {[%emt 0:03:51]} 42. Qh8 {[%emt 0:00:00]} Qe7+ {[%emt 0:00:00]} 43. g5 {[%emt 0:00:00]} Qc5 {[%emt 0:00:00]} 44. Qc8+ {[%emt 0:00:00]} Kd6 {[%emt 0:00:00]} 45. Qxb7 {[%emt 0:00:00]} Qc4+ {[%emt 0:00:00]} 46. Kh5 {[%emt 0:00:00]} c2 {[%emt 0:00:00]} 47. Qb8+ {[%emt 0:00:00]} Kd7 {[%emt 0:00:00]} 48. Qa7+ {[%emt 0:00:00]} Kc6 {[%emt 0:00:00]} 49. Qa8+ {[%emt 0:00:00]} Kb5 {[%emt 0:00:32]} 50. Qe8+ {[%emt 0:01:15]} Ka5 {[%emt 0:00:44]} 51. Qd8+ {[%emt 0:00:34]} Ka4 {[%emt 0:00:20]} 52. Qd7+ {[%emt 0:00:20]} Kb3 53. Qb7+ {[%emt 0:00:21]} Ka2 {[%emt 0:01:47]} 54. Qg2 {[%emt 0:00:23]} Kxa3 {[%emt 0:01:39]} 55. Qg3+ {[%emt 0:00:48]} Ka4 {[%emt 0:01:16]} 56. g6 {[%emt 0:00:39]} Qd5+ {[%emt 0:02:08]} 57. Kh6 {[%emt 0:00:21]} c1=Q+ {[%emt 0:00:23]} 58. Kh7 Qch1+ {[%emt 0:01:09]} 59. Kg8 {[%emt 0:00:27]} Qd8+ {[%emt 0:01:25]} 60. Kf7 {[%emt 0:00:11]} Qb7+ {[%emt 0:01:09]} 61. Kxe6 {[%emt 0:00:09]} Qbd5# {[%emt 0:01:04]} 0-1

[Event "1. Bamberg-Open 2018"]
[Site "Bamberg"]
[Date "2018.05.10"]
[Round "3"]
[White "Thrish Karthik"]
[Black "Scholz, Christian"]
[Result "1-0"]
[WhiteElo "1842"]
[BlackElo "2388"]
[Annotator "TA"]
[PlyCount "103"]
[EventDate "2018.??.??"]
[EventType "swiss"]
[EventCountry "GER"]
[SourceTitle "playchess.com"]
[Source "ChessBase"]
[SourceQuality "1"]

{[%evp 15,103,0,-2,-22,-13,-19,-19,-11,-10,-20,-11,-17,-17,-14,-18,-45,-29,-33,4,-46,5,10,14,0,12,0,41,0,31,39,48,43,40,35,104,113,111,125,112,120,391,395,322,154,210,190,191,191,210,225,340,315,318,246,260,214,446,422,402,412,454,463,466,472,887,913,912,912,887,865,1161,1107,1883,1233,1483,1414,1286,1161,1148,951,931,907,1988,1955,5106,4739,29987,29988,29988,29989]} 1. e4 c5 2. Nf3 d6 3. d4 cxd4 4. Nxd4 Nf6 5. Nc3 a6 6. Be3 e5 7. Nf3 Qc7 8. Bg5 Nbd7 {LiveBook: 37 Games. B90: Sicilian Najdorf: Unusual White 6th moves, 6 Be3 Ng4 and 6 Be3 e5} 9. Be2 (9. a4 h6 10. Bh4 g5 11. Bg3 Nc5 12. Nd2 Be6 13. Be2 O-O-O 14. O-O h5 15. h4 Bh6 16. Ra3 {1-0 (54) Topalov,V (2735)-Karjakin,S (2562) Benidorm 2003}) 9... b5 10. a3 Bb7 {The position is equal.} 11. Nd2 Be7 $146 ({Predecessor:} 11... h6 12. Be3 Nc5 13. f3 Rd8 14. O-O Ne6 15. Nb3 d5 16. exd5 Nxd5 17. Nxd5 Bxd5 {½-½ (38) Obernoeder,T (1547)-Koniukov,P (1192) Nuremberg 2003}) 12. Bf3 O-O 13. O-O h6 14. Bxf6 Bxf6 15. Re1 Bg5 16. Nf1 g6 17. Ne3 Bxe3 (17... Nb6 $1 $15) 18. Rxe3 $11 Nb6 {Black wants to play ...Nc4.} 19. Rd3 Rad8 20. Qe2 Kh7 21. b3 Qc5 22. Qd2 d5 23. exd5 {[%cal Be4d5,Bd5d6][%mdl 32] Threatens to win with Ne4.} f5 24. Re1 e4 {[#]} (24... Rfe8 $14) 25. Bxe4 $1 $16 {[%mdl 512]} fxe4 26. Nxe4 Qc7 {[%cal Rd8d5]} 27. d6 {[%mdl 1024] White has strong compensation.} Qc6 $2 {[%mdl 8192]} (27... Qg7 $16) 28. Rh3 $18 h5 29. Qg5 (29. Rc3 $18 {and White stays clearly on top.} Qd5 30. Rd3) 29... Rd7 (29... Nd5 $16 {is a better defense.}) 30. Rg3 Qxe4 31. Rxe4 $40 {[%mdl 128] Black is in trouble.} Bxe4 {[#]} 32. Re3 $1 {[%cal Re3e4]} Bf5 (32... Rf5 $142 33. Qg3 Bd5) 33. Re7+ Rf7 {Strongly threatening ...Rfxe7.} 34. Rxf7+ Rxf7 35. Qd8 Nd5 $2 (35... Nd7 {keeps fighting.} 36. Qc8 a5) 36. c4 bxc4 37. bxc4 Rd7 38. Qb8 Nc3 {Now ...Ne4 and Black clings on.} 39. c5 Be4 (39... Ne2+ $142 40. Kh1 Nd4) 40. Qb4 Ne2+ 41. Kf1 Bd3 42. Ke1 a5 43. Qxa5 Rb7 44. Kd2 Bc4 45. Qa4 Rb2+ 46. Ke3 Bb5 {[#]} 47. Qxb5 $3 {[%mdl 512]} Rxb5 48. d7 Rb8 49. Kxe2 Kg7 50. c6 {[%cal Bc5c6,Bc6c7][%mdl 32]} Kf7 51. c7 Rb2+ 52. Ke3 {Precision: White = 69%, Black = 30%.} 1-0